US States with Native American Names - Sudden Death - Statistics

General Stats
  • This quiz has been taken 3,722 times
    3,694 since last reset
  • The average score is 8 of 20
Answers on the Grid
Answers color-coded by a green-red scale on the quiz's grid according to % correct below.
Alabama
Arizona
California
Colorado
Connecticut
Florida
Georgia
Illinois
Iowa
Kansas
Kentucky
Louisiana
Maine
Massachusetts
Michigan
Minnesota
Mississippi
Nebraska
Nevada
New Jersey
North Dakota
Ohio
Oklahoma
Pennsylvania
Tennessee
Texas
Utah
Virginia
Wisconsin
Wyoming
 
Answer Stats
Answer % Correct
North Dakota
55%
Oklahoma
54%
Iowa
51%
Wyoming
49%
Minnesota
48%
Mississippi
48%
Arizona
45%
Massachusetts
45%
Nebraska
45%
Utah
44%
Alabama
42%
Illinois
41%
Tennessee
40%
Kansas
39%
Ohio
37%
Wisconsin
37%
Michigan
32%
Connecticut
30%
Kentucky
28%
Texas
16%
No matching quizzes found
Score Distribution
Percent of People with Each Score
Percentile by Number Answered
Your Score History
You have not taken this quiz since the last reset